WHEN BUYERS SAY NO ESSENTIAL STRATEGIES (Record no. 29172)

MARC details
000 -LEADER
fixed length control field 00344nam a2200133Ia 4500
008 - FIXED-LENGTH DATA ELEMENTS--GENERAL INFORMATION
fixed length control field 240624s9999 xx 000 0 und d
041 ## - LANGUAGE CODE
Language code of text/sound track or separate title eng
082 ## - DEWEY DECIMAL CLASSIFICATION NUMBER
Classification number 658.85 HOP
100 ## - MAIN ENTRY--PERSONAL NAME
Personal name HOPKINS TOM
245 ## - TITLE STATEMENT
Title WHEN BUYERS SAY NO ESSENTIAL STRATEGIES
260 ## - PUBLICATION, DISTRIBUTION, ETC.
Date of publication, distribution, etc. 2014
Place of publication, distribution, etc. New York
Name of publisher, distributor, etc. Business Plus
300 ## - PHYSICAL DESCRIPTION
Extent xiii, 304 p.; 23 cm.
365 ## - TRADE PRICE
Currency code
Price amount 38
Holdings
Withdrawn status Lost status Damaged status Not for loan Home library Current library Shelving location Date acquired Cost, normal purchase price Full call number Barcode Date last seen Copy number Price effective from Koha item type
        IMTN IMTN Rack 36-B 08/21/2017 28.00 658.85 HOP 29172 06/24/2024 66.7 06/24/2024 Books
Designed & Maintained by: LRC IMT Nagpur Contact: lrc@imtnag.ac.in© 2024. All Rights Reserved.